Behavioral adaptation of Pallas's squirrels to germination schedule and tannins in acorns /
Đã lưu trong:
| Tác giả khác: | , , , |
|---|---|
| Định dạng: | Bài viết |
| Ngôn ngữ: | English |
| Những chủ đề: | |
| Các nhãn: |
Thêm thẻ
Không có thẻ, Là người đầu tiên thẻ bản ghi này!
|
| Thư viện lưu trữ: | Thư viện Trường Đại học Đà Lạt |
|---|
| LEADER | 01005nam a2200337 4500 | ||
|---|---|---|---|
| 001 | DLU110116991 | ||
| 005 | ##20101221 | ||
| 040 | # | # | |a DLU |b eng |
| 041 | # | # | |a eng |
| 044 | # | # | |a uk |
| 245 | # | # | |a Behavioral adaptation of Pallas's squirrels to germination schedule and tannins in acorns / |c Zhishu Xiao ... [et al.]. |
| 653 | # | # | |a Behavioral decisions |
| 653 | # | # | |a Germination schedule |
| 653 | # | # | |a Long-term food supply |
| 653 | # | # | |a Scatter hoarding |
| 653 | # | # | |a Tannins |
| 653 | # | # | |a Tree squirrels |
| 700 | # | # | |a Gao, Xu. |
| 700 | # | # | |a Jiang, Mingmin. |
| 700 | # | # | |a Xiao, Zhishu. |
| 700 | # | # | |a Zhang, Zhibin. |
| 773 | # | # | |t Behavioral ecology |g Vol. 20, no. 5 (September-October 2009), p. 1050-1055 |
| 920 | # | # | |a Phòng Tạp chí -- Trung tâm Thông tin - Thư viện Trường Đại học Đà Lạt |
| 994 | # | # | |a DLU |
| 900 | # | # | |a True |
| 911 | # | # | |a Trương Bảo Trâm Anh |
| 925 | # | # | |a G |
| 926 | # | # | |a A |
| 927 | # | # | |a BB |
| 980 | # | # | |a Thư viện Trường Đại học Đà Lạt |